[Event "Scarborough CC Winter End"]
[Site "Toronto CAN"]
[Date "2012.02.23"]
[Round "2"]
[White "Krupka, David"]
[Black "Huston, Scott"]
[Result "1-0"]
[WhiteElo "2015"]
[BlackElo "1804"]
[PlyCount "65"]
[GameId "2160767909576333"]
[EventDate "2012.02.16"]
[EventType "swiss"]
[EventRounds "5"]
[EventCountry "CAN"]
[SourceTitle "EXT 2022"]
[Source "ChessBase"]
[SourceDate "2021.10.06"]
[SourceVersion "1"]
[SourceVersionDate "2021.10.06"]
[SourceQuality "1"]

1. e4 c5 2. c3 d5 3. e5 d4 4. f4 Nc6 5. d3 Bf5 6. c4 b5 7. cxb5 Qa5+ 8. Bd2 Qxb5 9. Na3 Qxb2 10. Nc4 Qb5 11. Rb1 Qa6 12. a3 e6 13. g4 Bg6 14. Qf3 f5 15. g5 Be7 16. h4 Kd7 17. h5 Be8 18. Bg2 Kc7 19. Ne2 Rb8 20. O-O Bd8 21. Rxb8 Nxb8 22. Ba5+ Kd7 23. Bxd8 Kxd8 24. Qa8 Qb5 25. Qxa7 Nc6 26. Qxg7 Nce7 27. Qxh8 Bxh5 28. Ng3 Bg6 29. Qg7 Qb3 30. Qf8+ Be8 31. Nd6 Qa4 32. Rb1 Ng6 33. Qxg8 1-0

[Event "Scarborough CC Winter End"]
[Site "Toronto CAN"]
[Date "2012.02.23"]
[Round "2"]
[White "Manalo, Pepin"]
[Black "Fan, Yibing"]
[Result "1-0"]
[WhiteElo "1857"]
[BlackElo "1759"]
[PlyCount "65"]
[GameId "2160767909576334"]
[EventDate "2012.02.16"]
[EventType "swiss"]
[EventRounds "5"]
[EventCountry "CAN"]
[SourceTitle "EXT 2022"]
[Source "ChessBase"]
[SourceDate "2021.10.06"]
[SourceVersion "1"]
[SourceVersionDate "2021.10.06"]
[SourceQuality "1"]

1. e4 c5 2. Nf3 Nc6 3. c4 g6 4. d4 cxd4 5. Nxd4 Bg7 6. Be3 Qa5+ 7. Nc3 Qb4 8. Rb1 d6 9. Be2 Nf6 10. a3 Qa5 11. O-O h5 12. h3 a6 13. Qd2 Qe5 14. Nxc6 bxc6 15. f4 Qe6 16. f5 Qd7 17. fxg6 fxg6 18. Bd3 Bb7 19. e5 O-O-O 20. exf6 Bxf6 21. b4 g5 22. Ne4 Kb8 23. Nxf6 exf6 24. Rxf6 g4 25. h4 d5 26. Bf5 Qe7 27. Qd4 c5 28. bxc5 dxc4 29. Bf4+ Ka8 30. Bd6 Qe2 31. Qf2 Rhe8 32. Rf7 c3 33. Rfxb7 1-0

[Event "Scarborough CC Winter End"]
[Site "Toronto CAN"]
[Date "2012.02.23"]
[Round "2"]
[White "Morra, Lui"]
[Black "Nasirov, Ilyas"]
[Result "0-1"]
[WhiteElo "1705"]
[BlackElo "2003"]
[PlyCount "62"]
[GameId "2160767909576335"]
[EventDate "2012.02.16"]
[EventType "swiss"]
[EventRounds "5"]
[EventCountry "CAN"]
[SourceTitle "EXT 2022"]
[Source "ChessBase"]
[SourceDate "2021.10.06"]
[SourceVersion "1"]
[SourceVersionDate "2021.10.06"]
[SourceQuality "1"]

1. b3 e6 2. Bb2 d5 3. Nf3 Nf6 4. e3 Bd6 5. d4 O-O 6. a3 b6 7. b4 c5 8. bxc5 bxc5 9. dxc5 Bxc5 10. Nc3 Qb6 11. Bc1 Qa5 12. Bd2 Qc7 13. Bd3 e5 14. e4 Bb7 15. exd5 e4 16. Nxe4 Nxe4 17. O-O Bxd5 18. c4 Bc6 19. Qc2 Nf6 20. Bg5 Nbd7 21. Nh4 h6 22. Bd2 Ne5 23. Be2 Rad8 24. Rad1 Neg4 25. g3 Nxf2 26. Rxf2 Rxd2 27. Rxd2 Ne4 28. Bf1 Nxd2 29. Qxd2 Rd8 30. Qc2 Qb6 31. Bd3 Bxf2+ 0-1

[Event "Scarborough CC Winter End"]
[Site "Toronto CAN"]
[Date "2012.02.23"]
[Round "2"]
[White "Shebetah, Wajdy"]
[Black "Bellissimo, Joseph"]
[Result "1/2-1/2"]
[WhiteElo "2082"]
[BlackElo "1903"]
[PlyCount "64"]
[GameId "2160767909576336"]
[EventDate "2012.02.16"]
[EventType "swiss"]
[EventRounds "5"]
[EventCountry "CAN"]

1. e4 e5 2. Nf3 Nf6 3. Nxe5 d6 4. Nf3 Nxe4 5. d3 Nf6 6. d4 d5 7. Bd3 Bd6 8. O-O O-O 9. Bg5 c6 10. c3 Bg4 11. Nbd2 Nbd7 12. Re1 Qc7 13. Qc2 Rfe8 14. h3 Bh5 15. Nh4 Bh2+ 16. Kf1 Bf4 17. Bxf4 Qxf4 18. g3 Qc7 19. Nf5 Nf8 20. b4 Ne6 21. Re5 Bg6 22. Rae1 Nd7 23. R5e3 Nf6 24. Nf3 a5 25. a3 axb4 26. axb4 b6 27. Ne5 Rad8 28. Qa4 b5 29. Qa6 Rc8 30. f3 Nd7 31. Nxd7 Qxd7 32. f4 Rb8 1/2-1/2

[Event "Scarborough CC Winter End"]
[Site "Toronto CAN"]
[Date "2012.02.23"]
[Round "2"]
[White "Southam, David"]
[Black "Song, Lin"]
[Result "1/2-1/2"]
[WhiteElo "2209"]
[BlackElo "1876"]
[PlyCount "47"]
[GameId "2160767909576337"]
[EventDate "2012.02.16"]
[EventType "swiss"]
[EventRounds "5"]
[EventCountry "CAN"]
[SourceTitle "EXT 2022"]
[Source "ChessBase"]
[SourceDate "2021.10.06"]
[SourceVersion "1"]
[SourceVersionDate "2021.10.06"]
[SourceQuality "1"]

1. d4 Nf6 2. c4 g6 3. Nc3 Bg7 4. e4 d6 5. Nf3 O-O 6. Be2 Nc6 7. d5 Nb8 8. O-O Na6 9. Nd4 Nc5 10. f3 a5 11. Be3 e5 12. Nc2 Nfd7 13. b3 f5 14. Rb1 f4 15. Bf2 Qg5 16. Nb5 Na6 17. Kh1 Nf6 18. Qd2 b6 19. g4 Qh6 20. Rg1 g5 21. Qd3 Qg6 22. h3 Bd7 23. a4 Kf7 24. Kg2 1/2-1/2

[Event "Scarborough CC Winter End"]
[Site "Toronto CAN"]
[Date "2012.02.23"]
[Round "2"]
[White "Triefeldt, Jack"]
[Black "Lin, Tony (Juntao)"]
[Result "0-1"]
[WhiteElo "1794"]
[BlackElo "2048"]
[PlyCount "88"]
[GameId "2160767909576338"]
[EventDate "2012.02.16"]
[EventType "swiss"]
[EventRounds "5"]
[EventCountry "CAN"]

1. d4 e6 2. e3 f5 3. f4 Nf6 4. Nf3 b6 5. c4 Bb7 6. Nc3 Bb4 7. a3 Bxc3+ 8. bxc3 c5 9. Bd3 Ne4 10. Bxe4 Bxe4 11. O-O O-O 12. a4 Nc6 13. Ng5 Na5 14. Nxe4 fxe4 15. Qc2 d5 16. cxd5 exd5 17. dxc5 bxc5 18. Ba3 Qc7 19. Rab1 Nc4 20. Bc1 Rab8 21. Rxb8 Rxb8 22. Rd1 Qf7 23. Qa2 Qh5 24. Re1 Qe8 25. Rd1 Qc6 26. Kf2 Rb6 27. Qe2 g6 28. Qg4 Rb7 29. Qg5 Rd7 30. Ke1 Kg7 31. h4 Qe6 32. Bd2 Nb2 33. Rb1 Nxa4 34. Rb8 Qf5 35. Rd8 Nb6 36. g4 Qxg5 37. Rxd7+ Nxd7 38. hxg5 Nb6 39. Kd1 Nc4 40. Be1 a5 41. Kc2 a4 42. Kb1 Kf7 43. Ka2 d4 44. cxd4 cxd4 0-1

[Event "Scarborough CC Winter End"]
[Site "Toronto CAN"]
[Date "2012.02.23"]
[Round "2"]
[White "Wiebe, Daniel"]
[Black "Picana, Andrew"]
[Result "1-0"]
[WhiteElo "1844"]
[BlackElo "2060"]
[PlyCount "80"]
[GameId "2160767909576340"]
[EventDate "2012.02.16"]
[EventType "swiss"]
[EventRounds "5"]
[EventCountry "CAN"]
[SourceTitle "EXT 2022"]
[Source "ChessBase"]
[SourceDate "2021.10.06"]
[SourceVersion "1"]
[SourceVersionDate "2021.10.06"]
[SourceQuality "1"]

1. e4 e5 2. Nf3 Nc6 3. d4 d6 4. dxe5 Nxe5 5. Nxe5 dxe5 6. Qxd8+ Kxd8 7. Bc4 f6 8. Nc3 Bb4 9. Bd2 Ne7 10. O-O-O Bd7 11. Nd5 Bxd2+ 12. Rxd2 c6 13. Nxf6 gxf6 14. Rhd1 Nd5 15. Bxd5 Ke7 16. Bb3 Rad8 17. Rd3 Bg4 18. Rxd8 Rxd8 19. Rxd8 Kxd8 20. Kd2 Ke7 21. Ke3 h6 22. c3 Bd7 23. Kf3 f5 24. g3 Kf6 25. Bc2 fxe4+ 26. Bxe4 Be6 27. a3 Bb3 28. Ke3 Bc4 29. f4 Be6 30. Kf3 h5 31. Ke3 Bd7 32. Bf3 Be8 33. g4 hxg4 34. Bxg4 c5 35. h4 exf4+ 36. Kxf4 a5 37. Bf5 b5 38. Bd3 b4 39. Be2 Bg6 40. h5 Bc2 1-0

[Event "Scarborough CC Winter End"]
[Site "Toronto CAN"]
[Date "2012.02.23"]
[Round "2"]
[White "Zotkin, Daniel"]
[Black "Paterson, Jim"]
[Result "1/2-1/2"]
[WhiteElo "1783"]
[BlackElo "1858"]
[PlyCount "47"]
[GameId "2160767909576341"]
[EventDate "2012.02.16"]
[EventType "swiss"]
[EventRounds "5"]
[EventCountry "CAN"]
[SourceTitle "EXT 2022"]
[Source "ChessBase"]
[SourceDate "2021.10.06"]
[SourceVersion "1"]
[SourceVersionDate "2021.10.06"]
[SourceQuality "1"]

1. b3 d5 2. Bb2 Nc6 3. e3 Nf6 4. Bb5 g6 5. Nf3 Bg7 6. O-O O-O 7. Bxc6 bxc6 8. Ne5 Qe8 9. Nc3 Bb7 10. Na4 Ne4 11. d3 Nd6 12. Nc5 Bxe5 13. Bxe5 Bc8 14. f4 f6 15. Bb2 Nb7 16. Nxb7 Bxb7 17. f5 gxf5 18. Rxf5 Qg6 19. Rf3 Kf7 20. Rg3 Qh6 21. Qf3 Rg8 22. Rh3 Qg6 23. Rg3 Qh6 24. Rh3 1/2-1/2

[Event "Scarborough CC Winter End"]
[Site "Toronto CAN"]
[Date "2012.03.01"]
[Round "3"]
[White "Bellissimo, Joseph"]
[Black "Zotkin, Daniel"]
[Result "1-0"]
[WhiteElo "1903"]
[BlackElo "1783"]
[PlyCount "41"]
[GameId "2160767909576342"]
[EventDate "2012.02.16"]
[EventType "swiss"]
[EventRounds "5"]
[EventCountry "CAN"]
[SourceTitle "EXT 2022"]
[Source "ChessBase"]
[SourceDate "2021.10.06"]
[SourceVersion "1"]
[SourceVersionDate "2021.10.06"]
[SourceQuality "1"]

1. e4 c5 2. c3 d5 3. exd5 Qxd5 4. d4 Nc6 5. Nf3 Bg4 6. dxc5 Qxd1+ 7. Kxd1 e5 8. b4 e4 9. h3 exf3 10. hxg4 O-O-O+ 11. Kc2 a5 12. a3 axb4 13. axb4 fxg2 14. Bxg2 Nge7 15. b5 Nb8 16. Rd1 Rxd1 17. Kxd1 Ng6 18. Be3 Ne5 19. g5 Ned7 20. Bh3 Be7 21. Ra8 1-0

[Event "Scarborough CC Winter End"]
[Site "Toronto CAN"]
[Date "2012.03.01"]
[Round "3"]
[White "Lin, Tony (Juntao)"]
[Black "Song, Michael"]
[Result "0-1"]
[WhiteElo "2048"]
[BlackElo "2184"]
[PlyCount "94"]
[GameId "2160767909576343"]
[EventDate "2012.02.16"]
[EventType "swiss"]
[EventRounds "5"]
[EventCountry "CAN"]

1. d4 d6 2. c4 e5 3. Nf3 e4 4. Nfd2 f5 5. Nc3 Nf6 6. e3 c6 7. f3 exf3 8. Qxf3 g6 9. Bd3 Bg7 10. O-O O-O 11. Nb3 Be6 12. Bd2 a5 13. Na4 Nbd7 14. Qg3 Ne4 15. Bxe4 fxe4 16. Rac1 Rxf1+ 17. Kxf1 b5 18. cxb5 cxb5 19. Nc3 Bc4+ 20. Kg1 Nf6 21. Qh4 Qe8 22. Be1 Qe6 23. Nd2 Bd3 24. Bg3 Rc8 25. Re1 b4 26. Nd1 Rc2 27. Nf1 Rc1 28. b3 Rc2 29. Qf4 Rxa2 30. Qxd6 Qxd6 31. Bxd6 Ra1 32. Bg3 Bc2 33. Nb2 Ra2 34. Nc4 Bxb3 35. Nb6 Nd5 36. Nd7 Bc2 37. Nd2 b3 38. Nc4 b2 39. Nxb2 Rxb2 40. Ra1 Rb1+ 41. Rxb1 Bxb1 42. Nc5 Bc2 43. Be1 a4 44. Bd2 Nxe3 45. Nxe4 Bxe4 46. Bxe3 a3 47. Bc1 Bxd4+ 0-1

[Event "Scarborough CC Winter End"]
[Site "Toronto CAN"]
[Date "2012.03.01"]
[Round "3"]
[White "Nasirov, Ilyas"]
[Black "Southam, David"]
[Result "0-1"]
[WhiteElo "2003"]
[BlackElo "2214"]
[PlyCount "66"]
[GameId "2160767909576344"]
[EventDate "2012.02.16"]
[EventType "swiss"]
[EventRounds "5"]
[EventCountry "CAN"]
[SourceTitle "EXT 2022"]
[Source "ChessBase"]
[SourceDate "2021.10.06"]
[SourceVersion "1"]
[SourceVersionDate "2021.10.06"]
[SourceQuality "1"]

1. d4 e6 2. c4 f5 3. Nc3 Nf6 4. Nf3 Bb4 5. Qb3 Qe7 6. g3 Ne4 7. Bg2 O-O 8. O-O Bxc3 9. bxc3 d6 10. Nd2 Nxd2 11. Bxd2 Nc6 12. Rab1 e5 13. c5+ Kh8 14. d5 Nb8 15. cxd6 cxd6 16. c4 Na6 17. Qc2 Qc7 18. Rfc1 Bd7 19. Be3 b6 20. f4 exf4 21. Bxf4 Nc5 22. Qc3 Kg8 23. Qd4 Rae8 24. Rb2 Bc8 25. Bf3 Qe7 26. h4 h6 27. h5 Ba6 28. Kg2 Nd7 29. Kg1 Bc8 30. a4 Nc5 31. a5 bxa5 32. Kg2 a4 33. Rb5 Ne4 0-1

[Event "Scarborough CC Winter End"]
[Site "Toronto CAN"]
[Date "2012.03.01"]
[Round "3"]
[White "Paterson, Jim"]
[Black "Triefeldt, Jack"]
[Result "1/2-1/2"]
[WhiteElo "1858"]
[BlackElo "1794"]
[PlyCount "68"]
[GameId "2160767909576345"]
[EventDate "2012.02.16"]
[EventType "swiss"]
[EventRounds "5"]
[EventCountry "CAN"]
[SourceTitle "EXT 2022"]
[Source "ChessBase"]
[SourceDate "2021.10.06"]
[SourceVersion "1"]
[SourceVersionDate "2021.10.06"]
[SourceQuality "1"]

1. d4 Nf6 2. c4 g6 3. Nc3 Bg7 4. g3 d5 5. Bg2 c6 6. Nf3 O-O 7. cxd5 cxd5 8. Ne5 e6 9. O-O Qb6 10. a3 Nc6 11. Nxc6 Qxc6 12. Bg5 h6 13. Bxf6 Bxf6 14. e3 b6 15. Rc1 Qd7 16. Qf3 Bg7 17. Qe2 a6 18. Rfd1 Bb7 19. b3 b5 20. a4 b4 21. Na2 a5 22. Rc5 Rfc8 23. Rdc1 Bf8 24. Rxc8 Rxc8 25. Bf1 Rxc1 26. Nxc1 Qc6 27. Na2 Bd6 28. f4 f5 29. Qd3 Kf7 30. Be2 Be7 31. Kf2 Kg7 32. Ke1 g5 33. Kd2 g4 34. Qb5 Qxb5 1/2-1/2

[Event "Scarborough CC Winter End"]
[Site "Toronto CAN"]
[Date "2012.03.01"]
[Round "3"]
[White "Sharpe, Sam"]
[Black "Krupka, David"]
[Result "0-1"]
[WhiteElo "1998"]
[BlackElo "2015"]
[PlyCount "86"]
[GameId "2160767909576346"]
[EventDate "2012.02.16"]
[EventType "swiss"]
[EventRounds "5"]
[EventCountry "CAN"]
[SourceTitle "EXT 2022"]
[Source "ChessBase"]
[SourceDate "2021.10.06"]
[SourceVersion "1"]
[SourceVersionDate "2021.10.06"]
[SourceQuality "1"]

1. c4 Nf6 2. g3 g6 3. Bg2 Bg7 4. Nc3 O-O 5. e4 d6 6. Nge2 c5 7. O-O Nc6 8. d3 Rb8 9. f4 e6 10. h3 a6 11. g4 Bd7 12. Ng3 Nd4 13. f5 Ne8 14. Nce2 b5 15. Rb1 Qa5 16. a3 bxc4 17. dxc4 Ba4 18. Qd3 Bc2 19. Qd2 Qxd2 20. Bxd2 Bxb1 21. Rxb1 Nxe2+ 22. Nxe2 Rxb2 23. Rxb2 Bxb2 24. a4 Nf6 25. Nf4 e5 26. g5 exf4 27. gxf6 g5 28. e5 dxe5 29. Bb7 Rd8 30. Be1 Rd6 31. a5 Rxf6 32. Kf2 Rd6 33. Kf3 h5 34. Bd5 Kg7 35. Ke4 g4 36. hxg4 hxg4 37. Bh4 f6 38. Bf2 Ba3 39. Be1 g3 40. Kf3 Bb4 41. Ke2 Bxe1 42. Kxe1 Rxd5 43. cxd5 Kf7 0-1

[Event "Scarborough CC Winter End"]
[Site "Toronto CAN"]
[Date "2012.03.01"]
[Round "3"]
[White "Stavropoulos, Greg"]
[Black "Huston, Scott"]
[Result "1-0"]
[WhiteElo "1761"]
[BlackElo "1804"]
[PlyCount "79"]
[GameId "2160767909576347"]
[EventDate "2012.02.16"]
[EventType "swiss"]
[EventRounds "5"]
[EventCountry "CAN"]
[SourceTitle "EXT 2022"]
[Source "ChessBase"]
[SourceDate "2021.10.06"]
[SourceVersion "1"]
[SourceVersionDate "2021.10.06"]
[SourceQuality "1"]

1. c4 Nf6 2. Nc3 e6 3. e4 Nc6 4. Nf3 Bb4 5. e5 Ng4 6. d4 d6 7. h3 Nh6 8. Bxh6 gxh6 9. exd6 cxd6 10. a3 Bxc3+ 11. bxc3 Qa5 12. Qd2 Bd7 13. Bd3 O-O-O 14. O-O Qh5 15. Nh2 Rhg8 16. Kh1 e5 17. Be2 Qg6 18. Rg1 exd4 19. cxd4 Qf6 20. d5 Nd4 21. Raf1 Rde8 22. Bd1 Nf5 23. Bg4 Nh4 24. Bxd7+ Kxd7 25. Re1 Rxe1 26. Qxe1 Qd4 27. Qe3 Qxc4 28. Nf3 Nf5 29. Qxa7 Qxd5 30. Rb1 Ke6 31. Qxb7 Qxb7 32. Rxb7 Ra8 33. Rb3 Ra5 34. g4 Ne7 35. Kg2 Nd5 36. Nd4+ Kf6 37. Rb5 Rxb5 38. Nxb5 Ke5 39. a4 Nb6 40. Kf3 1-0

[Event "Scarborough CC Winter End"]
[Site "Toronto CAN"]
[Date "2012.03.01"]
[Round "3"]
[White "Wang, Eric1"]
[Black "Manalo, Pepin"]
[Result "1-0"]
[WhiteElo "1736"]
[BlackElo "1857"]
[PlyCount "67"]
[GameId "2160767909576348"]
[EventDate "2012.02.16"]
[EventType "swiss"]
[EventRounds "5"]
[EventCountry "CAN"]
[SourceTitle "EXT 2022"]
[Source "ChessBase"]
[SourceDate "2021.10.06"]
[SourceVersion "1"]
[SourceVersionDate "2021.10.06"]
[SourceQuality "1"]

1. c4 Nf6 2. Nf3 g6 3. g3 Bg7 4. Bg2 c5 5. Nc3 Nc6 6. e4 d6 7. O-O O-O 8. d3 a6 9. d4 cxd4 10. Nxd4 Rb8 11. Nde2 Bd7 12. h3 b5 13. cxb5 axb5 14. Rb1 Qa5 15. a3 b4 16. axb4 Nxb4 17. Bd2 Qb6 18. Be3 Qc7 19. Rc1 Qa5 20. Ra1 Qd8 21. Qd2 Re8 22. Rfd1 Bc6 23. Nd4 Bb7 24. Nde2 Ba6 25. Nf4 Bc4 26. Ncd5 Nfxd5 27. exd5 Qd7 28. Bd4 Bxd4 29. Qxd4 Qb5 30. Rdc1 Rbc8 31. Be4 Rc5 32. h4 Nxd5 33. Nxd5 Bxd5 34. Bxd5 1-0

[Event "Scarborough CC Winter End"]
[Site "Toronto CAN"]
[Date "2012.03.01"]
[Round "3"]
[White "Zhang, John"]
[Black "Posaratnanathan, Juliaan"]
[Result "0-1"]
[WhiteElo "1819"]
[BlackElo "1934"]
[PlyCount "116"]
[GameId "2160767909576349"]
[EventDate "2012.02.16"]
[EventType "swiss"]
[EventRounds "5"]
[EventCountry "CAN"]
[SourceTitle "EXT 2022"]
[Source "ChessBase"]
[SourceDate "2021.10.06"]
[SourceVersion "1"]
[SourceVersionDate "2021.10.06"]
[SourceQuality "1"]

1. e4 c5 2. Nf3 Nc6 3. d4 cxd4 4. Nxd4 Nf6 5. Nc3 d6 6. Bg5 e6 7. Bc4 Be7 8. h4 a6 9. Nxc6 bxc6 10. e5 Nd5 11. Bxe7 Qxe7 12. exd6 Qxd6 13. Qg4 Qe5+ 14. Qe4 Qxe4+ 15. Nxe4 Ke7 16. O-O-O a5 17. Rhe1 a4 18. a3 Ba6 19. Bxd5 cxd5 20. Nc3 Bc4 21. Nxd5+ Bxd5 22. Rxd5 Rhc8 23. Rd4 f5 24. Rb4 Rc6 25. Rb7+ Kf6 26. Rd1 Rac8 27. c3 R8c7 28. Rxc7 Rxc7 29. Rd4 Ra7 30. Kd2 h6 31. c4 Ke5 32. Kc3 Rb7 33. f4+ Kf6 34. Rd3 g5 35. g3 gxh4 36. gxh4 Rb3+ 37. Kc2 Rb6 38. c5 Rc6 39. Rc3 e5 40. fxe5+ Kxe5 41. b4 axb3+ 42. Kxb3 f4 43. Kc4 Ke4 44. Kb5 Rc8 45. c6 f3 46. Kb6 f2 47. Rc1 Ke3 48. Kb7 Rf8 49. c7 Kd2 50. c8=Q Rxc8 51. Rxc8 f1=Q 52. Rd8+ Kc3 53. a4 Kb4 54. Ra8 Qh1+ 55. Kb8 Qxh4 56. a5 Qf4+ 57. Kb7 Qe4+ 58. Ka7 Qxa8+ 0-1

[Event "Scarborough CC Winter End"]
[Site "Toronto CAN"]
[Date "2012.03.08"]
[Round "4"]
[White "Fan, Yibing"]
[Black "Paterson, Jim"]
[Result "1/2-1/2"]
[WhiteElo "1759"]
[BlackElo "1858"]
[PlyCount "81"]
[GameId "2160767909576350"]
[EventDate "2012.02.16"]
[EventType "swiss"]
[EventRounds "5"]
[EventCountry "CAN"]
[SourceTitle "EXT 2022"]
[Source "ChessBase"]
[SourceDate "2021.10.06"]
[SourceVersion "1"]
[SourceVersionDate "2021.10.06"]
[SourceQuality "1"]

1. d4 Nf6 2. c4 c5 3. d5 d6 4. Nc3 a6 5. a4 g6 6. e4 Bg7 7. Bd3 Bg4 8. f3 Bd7 9. Nge2 e6 10. Bf4 e5 11. Bg5 h6 12. Bh4 Qc7 13. O-O O-O 14. Qd2 Kh7 15. f4 Ng8 16. f5 gxf5 17. exf5 f6 18. Ng3 Be8 19. Be2 Nd7 20. Bh5 Bf7 21. Qe2 Nb6 22. b3 Rad8 23. Qg4 Bxh5 24. Nxh5 Qf7 25. Ne4 Nc8 26. Rf3 Bh8 27. Rg3 Nge7 28. Rf1 b5 29. Nhxf6+ Bxf6 30. Bxf6 Rg8 31. Qh4 Rxg3 32. hxg3 Rg8 33. Bxe7 Nxe7 34. Nf6+ Kg7 35. Nxg8 Nxg8 36. f6+ Nxf6 37. Qxf6+ Qxf6 38. Rxf6 Kxf6 39. cxb5 axb5 40. a5 c4 41. bxc4 1/2-1/2

[Event "Scarborough CC Winter End"]
[Site "Toronto CAN"]
[Date "2012.03.08"]
[Round "4"]
[White "Huston, Scott"]
[Black "Zotkin, Daniel"]
[Result "0-1"]
[WhiteElo "1804"]
[BlackElo "1783"]
[PlyCount "66"]
[GameId "2160767909576351"]
[EventDate "2012.02.16"]
[EventType "swiss"]
[EventRounds "5"]
[EventCountry "CAN"]
[SourceTitle "EXT 2022"]
[Source "ChessBase"]
[SourceDate "2021.10.06"]
[SourceVersion "1"]
[SourceVersionDate "2021.10.06"]
[SourceQuality "1"]

1. d4 d5 2. c4 e6 3. Nc3 Nf6 4. cxd5 exd5 5. Bg5 Nbd7 6. Nf3 Be7 7. e3 O-O 8. Bd3 h6 9. Bh4 b6 10. Qc2 Bb7 11. O-O-O c5 12. Bf5 c4 13. g4 Re8 14. Bxf6 Nxf6 15. g5 hxg5 16. Nxg5 Bb4 17. Rhg1 Bxc3 18. bxc3 Qd6 19. Kb1 a5 20. Bh7+ Kf8 21. Nxf7 Kxf7 22. Qg6+ Ke7 23. Qxg7+ Kd8 24. Qxb7 Rb8 25. Qg7 Re7 26. Qh6 Rxh7 27. Rg8+ Kd7 28. Rg7+ Rxg7 29. Qxg7+ Kc6 30. f3 Rg8 31. Qf7 Rg2 32. e4 Qa3 33. exd5+ Kb5 0-1

[Event "Scarborough CC Winter End"]
[Site "Toronto CAN"]
[Date "2012.03.08"]
[Round "4"]
[White "Manalo, Pepin"]
[Black "Stavropoulos, Greg"]
[Result "1-0"]
[WhiteElo "1857"]
[BlackElo "1761"]
[PlyCount "72"]
[GameId "2160767909576352"]
[EventDate "2012.02.16"]
[EventType "swiss"]
[EventRounds "5"]
[EventCountry "CAN"]
[SourceTitle "EXT 2022"]
[Source "ChessBase"]
[SourceDate "2021.10.06"]
[SourceVersion "1"]
[SourceVersionDate "2021.10.06"]
[SourceQuality "1"]

1. d4 Nf6 2. c4 c5 3. Nf3 cxd4 4. Nxd4 e5 5. Nb3 d5 6. e3 Bb4+ 7. Bd2 Bxd2+ 8. N1xd2 O-O 9. Be2 Nc6 10. O-O Qe7 11. cxd5 Nxd5 12. a3 Rd8 13. Rc1 e4 14. Bb5 Ne5 15. Nd4 a6 16. Be2 Nf6 17. Qc2 Bg4 18. Bxg4 Nexg4 19. h3 Nh6 20. b4 Rac8 21. Qb3 g6 22. Nc4 b5 23. Na5 Rxc1 24. Rxc1 Qd7 25. Nac6 Re8 26. a4 bxa4 27. Qxa4 Qb7 28. Qa5 Nd7 29. Qd5 Nb6 30. Qg5 Kh8 31. Qg3 Kg8 32. Qf4 Kg7 33. Na5 Qd7 34. Rc7 Qa4 35. Kh2 Na8 36. Ne6+ Rxe6 1-0

[Event "Scarborough CC Winter End"]
[Site "Toronto CAN"]
[Date "2012.03.08"]
[Round "4"]
[White "Picana, Andrew"]
[Black "Lin, Tony (Juntao)"]
[Result "1/2-1/2"]
[WhiteElo "2060"]
[BlackElo "2048"]
[PlyCount "86"]
[GameId "2160767909576353"]
[EventDate "2012.02.16"]
[EventType "swiss"]
[EventRounds "5"]
[EventCountry "CAN"]

1. e4 e6 2. d3 d5 3. Nc3 c5 4. g3 Nc6 5. Bg2 Nf6 6. Bg5 d4 7. Nce2 Be7 8. Nf3 h6 9. Bf4 Nd7 10. c3 e5 11. Bd2 O-O 12. O-O Re8 13. Ne1 Bf6 14. Qc2 Rb8 15. f4 Qb6 16. Kh1 Qa6 17. f5 b5 18. cxd4 Nxd4 19. Nxd4 exd4 20. Bf4 Be5 21. Bxe5 Rxe5 22. Nf3 Re8 23. a4 bxa4 24. Rxa4 Rxb2 25. Qxb2 Qxa4 26. Rg1 Qb4 27. Qxb4 cxb4 28. Nxd4 Nc5 29. Bf1 Nxd3 30. Bxd3 Rd8 31. Rc1 Bb7 32. Rc4 Ba6 33. Rxb4 Bxd3 34. Nc6 Re8 35. Nxa7 Bxe4+ 36. Kg1 Bxf5 37. Nc6 Bg6 38. Kf2 Ra8 39. Rb2 Be4 40. Ne5 Bd5 41. Ke3 Be6 42. Nd3 g6 43. Nf4 Bf5 1/2-1/2

[Event "Scarborough CC Winter End"]
[Site "Toronto CAN"]
[Date "2012.03.08"]
[Round "4"]
[White "Posaratnanathan, Juliaan"]
[Black "Wiebe, Daniel"]
[Result "0-1"]
[WhiteElo "1934"]
[BlackElo "1844"]
[PlyCount "64"]
[GameId "2160767909576354"]
[EventDate "2012.02.16"]
[EventType "swiss"]
[EventRounds "5"]
[EventCountry "CAN"]
[SourceTitle "EXT 2022"]
[Source "ChessBase"]
[SourceDate "2021.10.06"]
[SourceVersion "1"]
[SourceVersionDate "2021.10.06"]
[SourceQuality "1"]

1. e4 c5 2. Nf3 d6 3. d4 cxd4 4. Nxd4 Nf6 5. Nc3 a6 6. Bg5 e6 7. f4 Be7 8. Qf3 Qc7 9. O-O-O Nbd7 10. g4 b5 11. Bxf6 Nxf6 12. g5 Nd7 13. Bg2 Nc5 14. Rhg1 b4 15. Nce2 Bb7 16. Qe3 Rc8 17. Kb1 Na4 18. Qb3 Nc5 19. Qe3 a5 20. h4 a4 21. Ng3 a3 22. b3 e5 23. Ndf5 Na4 24. Rd2 exf4 25. Qd4 Nc3+ 26. Ka1 Nb5 27. Nxg7+ Kd7 28. Bh3+ Kc6 29. Qc4+ Kb6 30. Bxc8 Rxc8 31. N3f5 Bf8 32. Qe2 Qc3+ 0-1

[Event "Scarborough CC Winter End"]
[Site "Toronto CAN"]
[Date "2012.03.08"]
[Round "4"]
[White "Sharpe, Sam"]
[Black "Shebetah, Wajdy"]
[Result "0-1"]
[WhiteElo "1998"]
[BlackElo "2082"]
[PlyCount "116"]
[GameId "2160767909576355"]
[EventDate "2012.02.16"]
[EventType "swiss"]
[EventRounds "5"]
[EventCountry "CAN"]

1. c4 e6 2. g3 f5 3. Bg2 Nf6 4. Nc3 c6 5. d4 d5 6. b3 Bd6 7. Nh3 O-O 8. O-O Nbd7 9. Bf4 Be7 10. f3 h6 11. e4 fxe4 12. fxe4 dxe4 13. Nxe4 Nxe4 14. Bxe4 Nf6 15. Bg2 a5 16. a4 Qb6 17. Ra2 Bd7 18. Kh1 Be8 19. Be3 Bh5 20. Qb1 e5 21. Bg1 exd4 22. Nf4 Bf7 23. Re2 Bc5 24. Nd3 Bg6 25. Qd1 Rad8 26. Nxc5 Qxc5 27. Rd2 Bh5 28. Qa1 Qb4 29. Rxd4 Rxd4 30. Bxd4 Qxb3 31. Bxf6 Rxf6 32. Rxf6 gxf6 33. Qxf6 Qd1+ 34. Bf1 Qf3+ 35. Qxf3 Bxf3+ 36. Kg1 Bd1 37. Kf2 Bxa4 38. Ke3 Kf7 39. Kd4 b6 40. Ke5 Ke7 41. Bh3 Bb3 42. Kd4 Kd6 43. Kc3 Bd1 44. Bf5 Kc5 45. g4 Be2 46. Be6 Kd6 47. Bc8 Ke5 48. h4 Kf4 49. g5 hxg5 50. hxg5 Kxg5 51. Bd7 Bf3 52. Kb3 Kf4 53. Ka3 Ke5 54. Kb3 Kd4 55. Be8 Bd1+ 56. Ka3 Kc5 57. Kb2 Be2 58. Kc3 Bxc4 0-1